[Event "LSS OP-2008-0-00696"]
[Site "LSS email"]
[Date "2008.12.13"]
[Round "?"]
[White "Kaplan, Niyazi"]
[Black "Boden, Daniel"]
[Result "0-1"]
[WhiteElo "800"]
[BlackElo "1022"]
[PlyCount "116"]
[EventDate "2008.12.12"]
[EventType "tourn (corr)"]
[EventRounds "4"]
[EventCountry "GER"]
[SourceTitle "Corr 2011"]
[Source "ChessBase"]
[SourceDate "2010.08.31"]
[SourceVersion "1"]
[SourceVersionDate "2010.08.31"]
[SourceQuality "1"]

1. d4 Nf6 2. c4 g6 3. Nc3 Bg7 4. Nf3 0-0 5. e3 d6 6. Bd3 Nc6 7. 0-0 e5 8. d5 Ne7 9. Bd2 Ne8 10. e4 f5 11. Re1 f4 12. Be2 h6 13. b4 g5 14. h3 Ng6 15. c5 h5 16. Nh2 h4 17. Bg4 Bxg4 18. Qxg4 Bf6 19. Rac1 Ng7 20. a4 Qc8 21. Qxc8 Raxc8 22. Ng4 a6 23. b5 Be7 24. c6 bxc6 25. dxc6 axb5 26. axb5 f3 27. gxf3 Rxf3 28. Re3 Rxe3 29. Bxe3 Nh5 30. Nd5 Bd8 31. Kg2 Ngf4+ 32. Nxf4 Nxf4+ 33. Bxf4 exf4 34. Nh6+ Kf8 35. Nf5 Kf7 36. Kf3 Rb8 37. Rb1 Ke6 38. Ke2 d5 39. f3 dxe4 40. fxe4 Bf6 41. Kd3 Ke5 42. Rb4 Ra8 43. Rb3 Rd8+ 44. Ke2 Kxe4 45. b6 Kxf5 46. b7 Ke4 47. b8Q f3+ 48. Ke1 Rxb8 49. Rxb8 g4 50. hxg4 h3 51. Kf2 Bh4+ 52. Kg1 f2+ 53. Kf1 h2 54. Re8+ Kf3 55. Rf8+ Kg3 56. Ke2 h1Q 57. Rxf2 Kxg4 58. Rf1 Qg2+ 0-1